000
00307nam a22001217a 4500
020
_a
0-470-26932-4
082
_a
621.38195833 MAJ'D
100
_a
DAS, J,MAJUMDER, D.D
_9
74948
245
_a
DIGITAL COMPUTERS MEMORY TECHNOLOGY
260
_a
NEWYORK
_b
JOHN WILEY & SONS
_c
1980
300
_a
424P
942
_c
BK
999
_c
580451
_d
580451